000 00864nam a2200253Ia 4500
003 OSt
005 20220923212321.0
006 a|||||r|||| 00| 0
007 ta
008 220922b |||||||| |||| 00| 0 hin d
024 _a152,185
037 _cTextual
040 _aARTS
_cARTS
_bhin
041 _2hin
_ahin
082 _aDelta25vJ, 152K6
100 _aसैनी, धर्मपाल
245 0 _aसंतो के धार्मिक विश्वास
246 _aSanto ke dhārmik vishvāsa
260 _aदिल्ली
_b नेशनल पब्लि हाउस
_c1966
300 _a419 पृ.
_ccm.
650 _aआध्यात्मिक अनुभव और रहस्यवाद
942 _hDelta25vJ, 152K6
_cTEXL
_2CC
999 _c307834
_d307834